[Event "zonal 1.5"]
[Site "Yerevan ARM"]
[Date "2000.06.07"]
[Round "1"]
[White "Anastasian, Ashot"]
[Black "Antic, Dejan"]
[Result "1-0"]
[WhiteElo "2606"]
[BlackElo "2491"]
[EventDate "2000.06.07"]
[PlyCount "83"]

1.d4 Nf6 2.c4 g6 3.g3 Bg7 4.Bg2 O-O 5.Nc3 Nc6 6.Nf3 d5 7.cxd5 Nxd5 8.O-O 
Nb6 9.e3 Re8 10.h3 a5 11.Kh2 a4 12.Rb1 Ra5 13.b4 axb3 14.axb3 e5 15.b4 Ra8
16.d5 Ne7 17.e4 Bd7 18.Bg5 h6 19.Be3 Nc4 20.Bc5 b6 21.Qd3 Nd6 22.Bxd6 cxd6
23.Nb5 Qb8 24.Ra1 Rxa1 25.Rxa1 f5 26.Nd2 Kh8 27.Ra6 Ng8 28.Na7 Nf6 29.b5 
Rf8 30.Nc6 Qc7 31.Ra7 Qc8 32.Qe2 fxe4 33.Nxe4 Nxe4 34.Bxe4 Bf5 35.f3 Qe8 
36.h4 Rf7 37.Ra6 Rb7 38.Qa2 Kh7 39.Ra8 Qd7 40.Qc2 h5 41.Rd8 Qf7 42.Rxd6 
1-0

[Event "zonal 1.5"]
[Site "Yerevan ARM"]
[Date "2000.06.07"]
[Round "1"]
[White "Minasian, Artashes"]
[Black "Dervishi, Erald"]
[Result "1/2-1/2"]
[WhiteElo "2598"]
[BlackElo "2478"]
[EventDate "2000.06.07"]
[PlyCount "110"]

1.e4 e5 2.Nf3 Nc6 3.d4 exd4 4.Nxd4 Nf6 5.Nxc6 bxc6 6.e5 Qe7 7.Qe2 Nd5 8.c4
Nb6 9.Nc3 Qe6 10.Qe4 d5 11.exd6 cxd6 12.Bf4 f5 13.Qxe6+ Bxe6 14.O-O-O Rd8 
15.b3 Be7 16.h4 Kf7 17.Rh3 Rhe8 18.Bg5 d5 19.Bxe7 Rxe7 20.cxd5 Nxd5 21.Bc4
Red7 22.Bxd5 Bxd5 23.Rhd3 Ke7 24.Nxd5+ Rxd5 25.Rxd5 cxd5 26.Rd4 Kd6 27.Kd2
Kc5 28.Ra4 Kb6 29.Rf4 g6 30.h5 Re8 31.hxg6 hxg6 32.Rh4 a5 33.Rh6 Re6 34.
Rh8 Kc5 35.Rb8 a4 36.Kd3 axb3 37.axb3 Re1 38.b4+ Kc6 39.Rg8 Rd1+ 40.Kc3 
Kb5 41.Rb8+ Kc6 42.b5+ Kc5 43.b6 d4+ 44.Kc2 Rf1 45.b7 Rxf2+ 46.Kd3 Kb6 47.
Rg8 Kxb7 48.Rxg6 Rf4 49.Kc4 Kc7 50.g3 Rg4 51.Rxg4 fxg4 52.Kxd4 Kd6 53.Ke4 
Ke6 54.Kf4 Kf6 55.Kxg4 Kg6 1/2-1/2

[Event "zonal 1.5"]
[Site "Yerevan ARM"]
[Date "2000.06.07"]
[Round "1"]
[White "Khachian, Melikset"]
[Black "Sturua, Zurab"]
[Result "1/2-1/2"]
[WhiteElo "2462"]
[BlackElo "2595"]
[EventDate "2000.06.07"]
[PlyCount "81"]

1.e4 g6 2.d4 Bg7 3.Nf3 d6 4.Bd3 e5 5.c3 Nd7 6.O-O Ngf6 7.h3 O-O 8.Re1 b6 
9.Bc2 h6 10.Na3 Bb7 11.dxe5 dxe5 12.Nc4 Re8 13.b4 Qe7 14.a4 Rad8 15.Qe2 
Nh5 16.a5 Rb8 17.a6 Bc8 18.Na3 c6 19.b5 Nc5 20.bxc6 Bxa6 21.Nb5 Rec8 22.c4
Rxc6 23.Nc3 Qb7 24.Nd5 Re8 25.Nb4 Rce6 26.Be3 Qc8 27.Nxa6 Nxa6 28.c5 Nxc5 
29.Rxa7 R6e7 30.Rxe7 Rxe7 31.Qb5 Rc7 32.Rd1 Qe6 33.Rd8+ Kh7 34.Re8 Qd6 35.
Nd2 Nf6 36.Ra8 Ne6 37.Nc4 Qc6 38.Qxc6 Rxc6 39.Bd3 Nxe4 40.Bxe4 Rxc4 41.Bd5
1/2-1/2

[Event "zonal 1.5"]
[Site "Yerevan ARM"]
[Date "2000.06.07"]
[Round "1"]
[White "Kacheishvili, Giorgi"]
[Black "Jobava, Baadur"]
[Result "1-0"]
[WhiteElo "2564"]
[BlackElo "2430"]
[EventDate "2000.06.07"]
[PlyCount "45"]

1.Nf3 Nf6 2.d4 g6 3.c4 Bg7 4.g3 O-O 5.Bg2 c6 6.Nc3 Qa5 7.O-O d6 8.e4 Qh5 
9.Ng5 Na6 10.h3 Qxd1 11.Rxd1 Nd7 12.Be3 c5 13.Nf3 Nc7 14.Rac1 Re8 15.b3 b6
16.e5 dxe5 17.Nxe5 cxd4 18.Nxd7 dxe3 19.fxe3 Bxd7 20.Rxd7 Rac8 21.Bb7 Rcd8
22.Rxc7 Be5 23.Rc6 1-0

[Event "zonal 1.5"]
[Site "Yerevan ARM"]
[Date "2000.06.07"]
[Round "1"]
[White "Kotronias, Vasilios"]
[Black "Karkanaque, Ilir"]
[Result "1-0"]
[WhiteElo "2539"]
[BlackElo "2389"]
[EventDate "2000.06.07"]
[PlyCount "71"]

1.e4 e5 2.Nf3 Nc6 3.Bb5 Nf6 4.O-O Nxe4 5.d4 Nd6 6.Bxc6 dxc6 7.dxe5 Nf5 8.
Qxd8+ Kxd8 9.Nc3 Ke8 10.h3 a5 11.Re1 Bb4 12.Bd2 Ne7 13.Ne4 Bxd2 14.Nexd2 
a4 15.a3 Ra5 16.Ne4 Be6 17.Nd4 Ng6 18.Ng5 Ke7 19.Re4 h6 20.Ngxe6 fxe6 21.
f4 Rf8 22.g3 h5 23.Rf1 c5 24.Ne2 Rb5 25.Rb1 Ra5 26.g4 Raa8 27.Rf1 Rad8 28.
f5 Nh4 29.Nf4 exf5 30.gxf5 Rd4 31.f6+ Kf7 32.e6+ Ke8 33.Rxd4 cxd4 34.fxg7 
Rg8 35.Nxh5 Ke7 36.Rf7+ 1-0

[Event "zonal 1.5"]
[Site "Yerevan ARM"]
[Date "2000.06.07"]
[Round "1"]
[White "Izoria, Zviad"]
[Black "Banikas, Hristos"]
[Result "1-0"]
[WhiteElo "2372"]
[BlackElo "2535"]
[EventDate "2000.06.07"]
[PlyCount "83"]

1.d4 Nf6 2.Nf3 g6 3.c4 Bg7 4.g3 O-O 5.Bg2 d6 6.O-O c6 7.Nc3 Qa5 8.e4 Bg4 
9.h3 Bxf3 10.Bxf3 Nbd7 11.Qe2 Ne8 12.Rd1 Nc7 13.Be3 Ne6 14.Bg2 Rfe8 15.
Rac1 c5 16.dxc5 Ndxc5 17.Rc2 Rac8 18.Nd5 Nd7 19.b3 a6 20.h4 Qd8 21.h5 Nf6 
22.hxg6 hxg6 23.Bh3 Nd7 24.b4 Nef8 25.c5 e6 26.Nb6 Nxb6 27.cxb6 Qe7 28.Qd3
Rxc2 29.Qxc2 Qd7 30.Rc1 Bf6 31.a4 Be7 32.Qc7 Qxa4 33.Qxb7 Qxb4 34.Rc7 d5 
35.exd5 exd5 36.Qxd5 Rd8 37.Qc4 Rd1+ 38.Bf1 Qxc4 39.Rxc4 Rb1 40.Kg2 a5 41.
Rc7 Bd8 42.Bc4 1-0

[Event "zonal 1.5"]
[Site "Yerevan ARM"]
[Date "2000.06.07"]
[Round "1"]
[White "Nikolaidis, Ioannis"]
[Black "Sendur, Adnan"]
[Result "1/2-1/2"]
[WhiteElo "2530"]
[BlackElo "2335"]
[EventDate "2000.06.07"]
[PlyCount "140"]

1.d4 Nf6 2.c4 e6 3.Nf3 b6 4.Nc3 Bb4 5.Qb3 c5 6.Bg5 h6 7.Bh4 Bb7 8.O-O-O 
Bxc3 9.Qxc3 Nc6 10.d5 Nb4 11.Kb1 exd5 12.Qe5+ Qe7 13.Bxf6 gxf6 14.Qxe7+ 
Kxe7 15.a3 Na6 16.cxd5 f5 17.g3 Kf6 18.Nh4 Rae8 19.Bh3 Re5 20.f3 Rxe2 21.
Nxf5 Nc7 22.Nd6 Bxd5 23.Ne4+ Rxe4 24.Rxd5 Nxd5 25.fxe4 Ne3 26.Re1 Nc4 27.
Bxd7 Rd8 28.Bb5 Ne5 29.Kc2 Rd4 30.Rf1+ Kg7 31.Rf4 Ng6 32.Rf2 Rxe4 33.Re2 
Re6 34.Rxe6 fxe6 35.Kd3 Kf6 36.Ke4 Ne7 37.Be2 Nf5 38.Kf4 Nd6 39.h4 e5+ 40.
Kf3 b5 41.g4 c4 42.Ke3 Ke6 43.Bf3 a5 44.Bd1 b4 45.axb4 axb4 46.Be2 Kd5 47.
g5 hxg5 48.hxg5 Nf5+ 49.Kd2 e4 50.g6 e3+ 51.Kc1 b3 52.Bg4 Ng7 53.Kd1 Ke4 
54.Kc1 Kd3 55.Kd1 c3 56.Be2+ Kd4 57.bxc3+ Kxc3 58.Kc1 b2+ 59.Kb1 Nf5 60.
Bg4 Kb3 61.Bd1+ Kc3 62.Bg4 Nd4 63.g7 Nb5 64.Ka2 Na3 65.Bf5 e2 66.g8=Q 
b1=Q+ 67.Bxb1 e1=Q 68.Qg7+ Kb4 69.Qf8+ Kc4 70.Qf7+ Kc5 1/2-1/2

[Event "zonal 1.5"]
[Site "Yerevan ARM"]
[Date "2000.06.07"]
[Round "1"]
[White "Yegiazarian, Arsen"]
[Black "Erdogan, Hakan"]
[Result "1-0"]
[WhiteElo "2513"]
[BlackElo "2316"]
[EventDate "2000.06.07"]
[PlyCount "75"]

1.e4 Nc6 2.Nf3 g6 3.d4 Bg7 4.c3 d6 5.Bd3 e5 6.h3 Nf6 7.O-O O-O 8.Re1 Nh5 
9.Bf1 Nf4 10.Na3 a6 11.Nc4 b5 12.Ne3 f5 13.Nd5 fxe4 14.Nxf4 exf3 15.dxe5 
dxe5 16.Qxf3 Qf6 17.Qd5+ Kh8 18.Nd3 Bf5 19.Qc5 Rad8 20.Nb4 Nxb4 21.cxb4 
Rf7 22.Be3 e4 23.g4 Be6 24.Rad1 Rxd1 25.Rxd1 Kg8 26.b3 Qe7 27.Bg2 h6 28.
Qc6 h5 29.Qxe4 hxg4 30.hxg4 Bc3 31.Bc5 Qf6 32.Rd3 Be5 33.Rf3 Qg5 34.Qa8+ 
Kg7 35.Rxf7+ Bxf7 36.Qf8+ Kh7 37.Qxf7+ Bg7 38.Bf8 1-0

[Event "zonal 1.5"]
[Site "Yerevan ARM"]
[Date "2000.06.07"]
[Round "1"]
[White "Gurcan, Selim"]
[Black "Gelashvili, Tamaz"]
[Result "1/2-1/2"]
[WhiteElo "2307"]
[BlackElo "2514"]
[EventDate "2000.06.07"]
[PlyCount "129"]

1.e4 d5 2.exd5 Qxd5 3.Nc3 Qa5 4.d4 c6 5.Nf3 Nf6 6.Bc4 Bf5 7.Bd2 e6 8.Ne4 
Qc7 9.Nxf6+ gxf6 10.Qe2 Nd7 11.O-O-O O-O-O 12.Nh4 Bg6 13.g3 Nb6 14.Ba5 Bd6
15.Kb1 Qe7 16.f4 f5 17.Ng2 Bc7 18.Ne3 Rd7 19.Bb3 Rhd8 20.c3 c5 21.Bxb6 
Bxb6 22.Nc4 cxd4 23.Nxb6+ axb6 24.cxd4 Rxd4 25.Rxd4 Rxd4 26.Qe5 Qd6 27.
Qh8+ Qd8 28.Qe5 Rd6 29.Rc1+ Kd7 30.a3 Ke7 31.Rc4 Rc6 32.Rd4 Qc7 33.Qh8 b5 
34.Ka2 Rc1 35.Rd2 b6 36.Qg7 Ra1+ 37.Kxa1 Qc1+ 38.Ka2 Qxd2 39.h4 Kd7 40.Qe5
Qd3 41.a4 bxa4 42.Bxa4+ Ke7 43.Qc7+ Kf8 44.Qxb6 Qxg3 45.Qd6+ Kg7 46.b4 Bh5
47.Bc6 Qf2+ 48.Kb3 Qe3+ 49.Kb2 Qe2+ 50.Kc3 Qe1+ 51.Qd2 Qxd2+ 52.Kxd2 Kf8 
53.b5 Ke7 54.b6 Kd6 55.b7 Kc7 56.Ke3 Bd1 57.Kd4 f6 58.Bd7 Kxb7 59.Bxe6 Bc2
60.Bg8 h6 61.Bc4 Kc6 62.Be2 Be4 63.Bh5 Kb5 64.Bf7 Kc6 65.Bg8 1/2-1/2

[Event "zonal 1.5"]
[Site "Yerevan ARM"]
[Date "2000.06.07"]
[Round "1"]
[White "Atakisi, Umut"]
[Black "Tosic, Miroslav"]
[Result "0-1"]
[WhiteElo "2274"]
[BlackElo "2503"]
[EventDate "2000.06.07"]
[PlyCount "58"]

1.e4 c5 2.Nf3 e6 3.d4 cxd4 4.Nxd4 a6 5.Nc3 d6 6.Be3 b5 7.Bd3 Bb7 8.Qd2 Nf6
9.f3 Nbd7 10.O-O-O b4 11.Nce2 d5 12.exd5 Nxd5 13.Nf4 Bc5 14.Nxd5 Bxd5 15.
Nb3 Bxe3 16.Qxe3 O-O 17.Kb1 Qc7 18.h4 a5 19.h5 h6 20.f4 a4 21.Nd4 Rfb8 22.
Rc1 Nf6 23.Nb5 Qa5 24.Qe2 Rb6 25.Rhg1 Rab8 26.Nd4 Qc5 27.Nf3 Nxh5 28.g3 a3
29.Ne5 axb2 0-1

[Event "zonal 1.5"]
[Site "Yerevan ARM"]
[Date "2000.06.08"]
[Round "2"]
[White "Kotronias, Vasilios"]
[Black "Anastasian, Ashot"]
[Result "1-0"]
[WhiteElo "2539"]
[BlackElo "2606"]
[EventDate "2000.06.07"]
[PlyCount "49"]

1.e4 e6 2.d4 d5 3.Nd2 dxe4 4.Nxe4 Bd7 5.Nf3 Bc6 6.Neg5 Be7 7.Bd3 Nd7 8.Qe2
Ngf6 9.Nxf7 Bb4+ 10.c3 Bxf3 11.Qxe6+ Qe7 12.Qxe7+ Bxe7 13.Nxh8 Bd5 14.O-O 
Bg8 15.Re1 Kf8 16.h3 Bd6 17.Bg5 Nb6 18.b3 Nbd5 19.c4 Nb4 20.Bf5 Rd8 21.d5 
a5 22.Re3 b6 23.g4 Na6 24.Rf3 Nc5 25.Bd2 1-0

[Event "zonal 1.5"]
[Site "Yerevan ARM"]
[Date "2000.06.08"]
[Round "2"]
[White "Lputian, Smbat"]
[Black "Bagaturov, Giorgi"]
[Result "1-0"]
[WhiteElo "2605"]
[BlackElo "2501"]
[EventDate "2000.06.07"]
[PlyCount "53"]

1.d4 Nf6 2.c4 e6 3.Nf3 b6 4.g3 Ba6 5.b3 Bb4+ 6.Bd2 Be7 7.Bg2 Bb7 8.Nc3 d5 
9.cxd5 exd5 10.O-O O-O 11.Qc2 Na6 12.Rad1 Qd7 13.Bg5 Qe6 14.Ne5 c5 15.Nd3 
cxd4 16.Nb5 Qf5 17.Bd2 Ne4 18.Qb2 Bf6 19.Nxd4 Qd7 20.Nf4 g6 21.Bxe4 dxe4 
22.Bc3 Nc5 23.Nde6 Qc6 24.Nd5 fxe6 25.Nxf6+ Kf7 26.Nxh7 Rfc8 27.Bb4 1-0

[Event "zonal 1.5"]
[Site "Yerevan ARM"]
[Date "2000.06.08"]
[Round "2"]
[White "Sturua, Zurab"]
[Black "Halkias, Stelios"]
[Result "1/2-1/2"]
[WhiteElo "2595"]
[BlackElo "2482"]
[EventDate "2000.06.07"]
[PlyCount "101"]

1.d4 d5 2.c4 e6 3.Nf3 c5 4.cxd5 exd5 5.g3 Nf6 6.Bg2 Nc6 7.O-O Be7 8.Nc3 
O-O 9.dxc5 Bxc5 10.Bg5 d4 11.Bxf6 Qxf6 12.Nd5 Qd8 13.Nd2 Re8 14.Rc1 Bb6 
15.Nf4 Bg4 16.Bf3 Ne5 17.Bxg4 Nxg4 18.Nf3 Qe7 19.Rc2 Rad8 20.Nd3 Qe6 21.a3
Qf5 22.Qc1 h6 23.Qf4 Qe6 24.Rd1 g5 25.Qd2 Qf5 26.Qe1 Re7 27.Qf1 Kg7 28.
Rcd2 Rde8 29.Nfe1 h5 30.Nf3 Re4 31.b4 h4 32.Rc1 hxg3 33.hxg3 Rh8 34.Qg2 
Re6 35.Nc5 Reh6 36.Rxd4 Nxf2 37.Kxf2 Rh2 38.g4 Rxg2+ 39.Kxg2 Qh7 40.Rd5 
Qh3+ 41.Kf2 f6 42.Rg1 Re8 43.Rd7+ Kg6 44.Rxb7 Rc8 45.Rd7 Qh8 46.Rgd1 Qe8 
47.R7d5 Qe7 48.Ne5+ fxe5 49.Rd6+ Kf7 50.Rd7 Bxc5+ 51.bxc5 1/2-1/2

[Event "zonal 1.5"]
[Site "Yerevan ARM"]
[Date "2000.06.08"]
[Round "2"]
[White "Tosic, Miroslav"]
[Black "Kacheishvili, Giorgi"]
[Result "0-1"]
[WhiteElo "2503"]
[BlackElo "2564"]
[EventDate "2000.06.07"]
[PlyCount "63"]

1.e4 e6 2.d4 d5 3.Nc3 Nf6 4.Bg5 dxe4 5.Nxe4 Be7 6.Bxf6 gxf6 7.Nf3 Nd7 8.
Qe2 b6 9.g3 Bb7 10.Bg2 c6 11.c4 Qc7 12.Nc3 O-O-O 13.O-O Rhe8 14.Rfc1 f5 
15.a4 a5 16.Nb5 Qb8 17.c5 bxc5 18.dxc5 Nxc5 19.Ne5 cxb5 20.Rxc5+ Bxc5 21.
Rc1 Re7 22.Rxc5+ Rc7 23.Nxf7 Rxc5 24.Qxe6+ Rd7 25.Bxb7+ Kc7 26.Bf3 Qb6 27.
Qe8 Qf6 28.Qe3 Qd4 29.Qe1 Rxf7 30.Qxa5+ Kd6 31.axb5 Ke7 32.Qa7+ 0-1

[Event "zonal 1.5"]
[Site "Yerevan ARM"]
[Date "2000.06.08"]
[Round "2"]
[White "Ilincic, Zlatko"]
[Black "Yegiazarian, Arsen"]
[Result "1-0"]
[WhiteElo "2554"]
[BlackElo "2513"]
[EventDate "2000.06.07"]
[PlyCount "65"]

1.d4 Nf6 2.c4 g6 3.g3 c5 4.d5 Ne4 5.Bg2 Qa5+ 6.Nd2 Nd6 7.Qc2 Bg7 8.Nf3 b5 
9.O-O Na6 10.a3 O-O 11.cxb5 Qxb5 12.e4 Bb7 13.Rd1 e5 14.b3 f5 15.Bb2 Rae8 
16.Nc4 Nxc4 17.bxc4 Qa5 18.exf5 Rxf5 19.Nd2 Ref8 20.Ne4 Qd8 21.Bc3 Bc8 22.
Qa4 h5 23.h4 Bh6 24.Ra2 Qe7 25.Bd2 Bxd2 26.Raxd2 Kg7 27.Re1 R5f7 28.Bh3 
Rf3 29.d6 Qd8 30.Ng5 R3f5 31.Bxf5 Rxf5 32.Qb3 Qf6 33.Qb2 1-0

[Event "zonal 1.5"]
[Site "Yerevan ARM"]
[Date "2000.06.08"]
[Round "2"]
[White "Ivanisevic, Ivan"]
[Black "Minasian, Artashes"]
[Result "0-1"]
[WhiteElo "2460"]
[BlackElo "2598"]
[EventDate "2000.06.07"]
[PlyCount "108"]

1.d4 c5 2.d5 g6 3.e4 Bg7 4.c4 d6 5.Nf3 e6 6.Bd3 Ne7 7.O-O O-O 8.Re1 Nd7 9.
Nc3 a6 10.a4 b6 11.Bf4 e5 12.Bd2 a5 13.Nb5 Nf6 14.Bc3 Ne8 15.g3 f5 16.Ng5 
Nxd5 17.Bc2 Ndc7 18.f4 Bb7 19.exf5 gxf5 20.Qh5 h6 21.Qg6 hxg5 22.fxe5 Qd7 
23.Nxc7 Qxc7 24.Bxf5 Rxf5 25.Qxf5 dxe5 26.Qe6+ Qf7 27.Qxf7+ Kxf7 28.Bxe5 
Rd8 29.Bxg7 Nxg7 30.Rad1 Rd4 31.Rxd4 cxd4 32.Re5 Ne6 33.Rb5 g4 34.Kf2 Nc5 
35.Rxb6 Bf3 36.Ke1 Ne4 37.Rb3 Ke6 38.Rd3 Ke5 39.Rb3 Nd6 40.Rb8 Nxc4 41.b3 
Nd6 42.Kd2 Bb7 43.Kc2 Ba6 44.Ra8 d3+ 45.Kd2 Ne4+ 46.Ke3 d2 47.Re8+ Kf5 48.
Rd8 Bb7 49.Ke2 Ke5 50.Kd1 Bd5 51.Kc2 Ke6 52.Re8+ Kd7 53.Rb8 Kc7 54.Rb5 Be6
0-1

[Event "zonal 1.5"]
[Site "Yerevan ARM"]
[Date "2000.06.08"]
[Round "2"]
[White "Asrian, Karen"]
[Black "Khachian, Melikset"]
[Result "1-0"]
[WhiteElo "2572"]
[BlackElo "2462"]
[EventDate "2000.06.07"]
[PlyCount "107"]

1.e4 c5 2.Nf3 Nc6 3.d4 cxd4 4.Nxd4 Nf6 5.Nc3 e5 6.Ndb5 d6 7.Bg5 a6 8.Na3 
b5 9.Nd5 Qa5+ 10.Bd2 Qd8 11.Bg5 Qa5+ 12.Bd2 Qd8 13.Nxf6+ Qxf6 14.c4 Qg6 
15.cxb5 Qxe4+ 16.Be3 Nd4 17.Qd3 Qxd3 18.Bxd3 Bf5 19.Bxf5 Nxf5 20.bxa6 Rxa6
21.Nb5 Kd7 22.O-O d5 23.Rfc1 Nxe3 24.fxe3 Bd6 25.a4 Rb8 26.b3 f5 27.Rd1 
Ke6 28.Rac1 g5 29.Rc7 Be7 30.Rc3 Bd8 31.Rc5 Rb7 32.Rdxd5 Bf6 33.Rd1 Rab6 
34.b4 Be7 35.Rc4 Kf7 36.Rf1 Kg6 37.Rfc1 Kf7 38.Rf1 Kg6 39.Rb1 g4 40.Kf1 e4
41.Nd4 Bxb4 42.Rc6+ Kf7 43.Rxb6 Rxb6 44.Nxf5 Ke6 45.Nh6 g3 46.hxg3 Kd5 47.
Ng4 Kc4 48.Ne5+ Kc3 49.Nc6 Kc2 50.Rxb4 Rxc6 51.Rxe4 Kd3 52.Re5 Rc2 53.a5 
Ra2 54.g4 1-0

[Event "zonal 1.5"]
[Site "Yerevan ARM"]
[Date "2000.06.08"]
[Round "2"]
[White "Dervishi, Erald"]
[Black "Nikolaidis, Ioannis"]
[Result "0-1"]
[WhiteElo "2478"]
[BlackElo "2530"]
[EventDate "2000.06.07"]
[PlyCount "65"]

1.e4 c5 2.Nf3 d6 3.d4 Nf6 4.Nc3 cxd4 5.Nxd4 Nc6 6.Bc4 e6 7.Be3 a6 8.Qe2 
Qc7 9.O-O-O Na5 10.Bb3 b5 11.f3 Be7 12.g4 Nxb3+ 13.axb3 b4 14.Na4 Nd7 15.
g5 Nc5 16.Kb1 Bd7 17.h4 Nxa4 18.bxa4 Bxa4 19.h5 Bd7 20.g6 fxg6 21.hxg6 h6 
22.f4 Rc8 23.Rh2 e5 24.fxe5 dxe5 25.Nb3 Qc4 26.Qg2 Be6 27.Nc1 a5 28.b3 Qc7
29.Bxh6 Rxh6 30.Rxh6 gxh6 31.Nd3 Bg5 32.Qh2 a4 33.bxa4 0-1

[Event "zonal 1.5"]
[Site "Yerevan ARM"]
[Date "2000.06.08"]
[Round "2"]
[White "Vaganian, Rafael"]
[Black "Izoria, Zviad"]
[Result "1-0"]
[WhiteElo "2618"]
[BlackElo "2372"]
[EventDate "2000.06.07"]
[PlyCount "87"]

1.Nf3 c5 2.c4 Nc6 3.Nc3 Nd4 4.g3 Nxf3+ 5.exf3 Nf6 6.d4 cxd4 7.Qxd4 g6 8.b3
Bg7 9.Bb2 b6 10.Bg2 Bb7 11.O-O O-O 12.Qd2 d6 13.Rfe1 Re8 14.Rad1 a6 15.Nd5
Nxd5 16.Bxg7 Kxg7 17.cxd5 Rc8 18.f4 a5 19.f5 Rc5 20.h4 f6 21.fxg6 hxg6 22.
Re3 Qa8 23.f4 Qc8 24.Rde1 Qc7 25.Qd1 Rc3 26.Kh2 Bc8 27.Qd2 Rxe3 28.Rxe3 
Bg4 29.Rc3 Qb7 30.Qe3 Bd7 31.Qe2 Kf7 32.Re3 Qc7 33.h5 Bc8 34.Be4 f5 35.
hxg6+ Kg7 36.Bf3 Qd8 37.Kg2 Bd7 38.Bh5 e6 39.dxe6 Bc6+ 40.Bf3 Bxf3+ 41.
Qxf3 Kxg6 42.g4 Qh4 43.Qd5 fxg4 44.e7 1-0

[Event "zonal 1.5"]
[Site "Yerevan ARM"]
[Date "2000.06.08"]
[Round "2"]
[White "Gelashvili, Tamaz"]
[Black "Nalbandian, Tigran"]
[Result "1/2-1/2"]
[WhiteElo "2514"]
[BlackElo "2448"]
[EventDate "2000.06.07"]
[PlyCount "83"]

1.e4 Nf6 2.e5 Nd5 3.d4 d6 4.c4 Nb6 5.exd6 exd6 6.h3 Be7 7.Nf3 Bf5 8.Be2 
O-O 9.O-O Bf6 10.Nc3 h6 11.b3 Nc6 12.Be3 d5 13.c5 Nc8 14.Bd3 N8e7 15.a3 
Qd7 16.b4 a6 17.Re1 Bxd3 18.Qxd3 Nf5 19.Rab1 Rfe8 20.a4 a5 21.b5 Nb4 22.
Qd2 Nxe3 23.Rxe3 Rxe3 24.Qxe3 Re8 25.Qf4 Nd3 26.Qd2 Nb4 27.Re1 Rxe1+ 28.
Nxe1 Qf5 29.Kf1 b6 30.c6 Kf8 31.Qe3 h5 32.Ke2 Nc2 33.Nxc2 Qxc2+ 34.Kf1 Qb3
35.Qd3 Be7 36.Kg1 g6 37.Qf3 Bd6 38.h4 Qa3 39.g3 Bb4 40.Qf6 Qxc3 41.Qh8+ 
Ke7 42.Qe5+ 1/2-1/2

[Event "zonal 1.5"]
[Site "Yerevan ARM"]
[Date "2000.06.08"]
[Round "2"]
[White "Antic, Dejan"]
[Black "Karkanaque, Ilir"]
[Result "1/2-1/2"]
[WhiteElo "2491"]
[BlackElo "2389"]
[EventDate "2000.06.07"]
[PlyCount "54"]

1.d4 Nf6 2.c4 e6 3.Nf3 b6 4.g3 Ba6 5.b3 Bb4+ 6.Bd2 Be7 7.Bg2 c6 8.Bc3 d5 
9.Ne5 Nfd7 10.Nxd7 Nxd7 11.Nd2 O-O 12.O-O Rc8 13.e4 dxc4 14.bxc4 b5 15.Re1
bxc4 16.Qa4 Bb5 17.Qc2 Qc7 18.a4 Ba6 19.f4 Rfd8 20.Nf1 Rb8 21.a5 Bb4 22.
Bxb4 Rxb4 23.Nd2 Nf6 24.e5 Nd5 25.Ne4 c3 26.Nc5 Rb2 27.Qc1 Bc4 1/2-1/2

[Event "zonal 1.5"]
[Site "Yerevan ARM"]
[Date "2000.06.08"]
[Round "2"]
[White "Banikas, Hristos"]
[Black "Gurcan, Selim"]
[Result "1-0"]
[WhiteElo "2535"]
[BlackElo "2307"]
[EventDate "2000.06.07"]
[PlyCount "49"]

1.d4 Nf6 2.c4 g6 3.Nc3 Bg7 4.e4 d6 5.f4 O-O 6.Nf3 Na6 7.Bd3 e5 8.fxe5 dxe5
9.d5 c6 10.O-O cxd5 11.cxd5 Ne8 12.Be3 Qe7 13.Bxa6 bxa6 14.Qa4 Nd6 15.Nd2 
Rd8 16.Nb3 Qh4 17.Na5 Bd7 18.Nc6 Bxc6 19.dxc6 Nb5 20.Rxf7 Nxc3 21.bxc3 
Kxf7 22.Qc4+ Ke8 23.Qg8+ Bf8 24.Rf1 Qe7 25.Bg5 1-0

[Event "zonal 1.5"]
[Site "Yerevan ARM"]
[Date "2000.06.08"]
[Round "2"]
[White "Erdogan, Hakan"]
[Black "Seitaj, Ilir"]
[Result "0-1"]
[WhiteElo "2316"]
[BlackElo "2392"]
[EventDate "2000.06.07"]
[PlyCount "102"]

1.d4 d5 2.c4 e6 3.Nc3 c5 4.cxd5 exd5 5.Nf3 Nc6 6.g3 Nf6 7.Bg2 Be7 8.O-O 
O-O 9.Bg5 c4 10.Ne5 Be6 11.Qd2 h6 12.Be3 Rc8 13.f4 Bf5 14.h3 Bb4 15.g4 Be4
16.Bf3 Bxf3 17.exf3 Re8 18.Rfe1 Nd7 19.Bf2 Nf8 20.Kg2 Ne7 21.g5 h5 22.Qc2 
g6 23.Rh1 Ne6 24.Qd2 Nf5 25.Rh2 Qd6 26.Re1 Kg7 27.Rhh1 Rf8 28.Re2 Ba5 29.
Rhe1 a6 30.Kf1 Bb6 31.Qc1 Bxd4 32.Rd1 Bxf2 33.Rxd5 Qb6 34.Rxf2 Ne3+ 35.Kg1
Nxd5 36.Nxd5 Qd4 37.Qc3 Qxc3 38.bxc3 Rfd8 39.Nb6 Nxf4 40.Kh2 Nd3 41.Re2 
Nxe5 42.Rxe5 Rc6 43.Na4 Rd2+ 44.Kg3 Rxa2 45.Nc5 Rb2 46.Ne4 Rb5 47.Re7 a5 
48.h4 a4 49.Nf6 Rxf6 50.gxf6+ Kxf6 51.Rc7 a3 0-1

[Event "zonal 1.5"]
[Site "Yerevan ARM"]
[Date "2000.06.08"]
[Round "2"]
[White "Jobava, Baadur"]
[Black "Atakisi, Umut"]
[Result "1-0"]
[WhiteElo "2430"]
[BlackElo "2274"]
[EventDate "2000.06.07"]
[PlyCount "73"]

1.d4 Nf6 2.c4 g6 3.g3 d5 4.cxd5 Nxd5 5.Bg2 Bg7 6.e4 Nb6 7.Ne2 O-O 8.O-O 
Nc6 9.d5 Na5 10.Nbc3 c6 11.Re1 Nac4 12.dxc6 bxc6 13.Qc2 Qc7 14.b3 Nd6 15.
Be3 Bb7 16.Rac1 c5 17.Nd5 Bxd5 18.exd5 c4 19.Nd4 Qd7 20.Nc6 cxb3 21.axb3 
Rfe8 22.Bf4 Rac8 23.h4 Nf5 24.Qd2 h5 25.Rcd1 e6 26.dxe6 Qxd2 27.exf7+ Kxf7
28.Bxd2 Nd4 29.Nxa7 Rxe1+ 30.Rxe1 Rc7 31.Ba5 Rxa7 32.Bxb6 Rd7 33.b4 Nc2 
34.Rb1 Bd4 35.Bxd4 Nxd4 36.b5 Ne2+ 37.Kh2 1-0

[Event "zonal 1.5"]
[Site "Yerevan ARM"]
[Date "2000.06.09"]
[Round "3"]
[White "Anastasian, Ashot"]
[Black "Asrian, Karen"]
[Result "0-1"]
[WhiteElo "2606"]
[BlackElo "2572"]
[EventDate "2000.06.07"]
[PlyCount "90"]

1.c4 e6 2.g3 d5 3.Bg2 Nf6 4.Nf3 Be7 5.O-O O-O 6.d4 dxc4 7.a4 Bd7 8.Qc2 a6 
9.Qxc4 Bc6 10.Bg5 Bd5 11.Qd3 c5 12.dxc5 Nbd7 13.Nc3 Nxc5 14.Qe3 Qa5 15.
Nxd5 Nxd5 16.Qa3 Bd6 17.Bd2 Qb6 18.Rad1 Rfd8 19.Qa2 Ne4 20.Qb1 Nxd2 21.
Nxd2 Be7 22.Nc4 Qb4 23.Bxd5 exd5 24.Ne3 d4 25.Nf5 Bf6 26.b3 b5 27.Qe4 Qxb3
28.axb5 Qxb5 29.Nxd4 Bxd4 30.Rxd4 Re8 31.Qf3 Qxe2 32.Qf4 Rad8 33.Rxd8 Rxd8
34.Qc7 Re8 35.h4 h5 36.Qa5 Re5 37.Qd8+ Kh7 38.Qc7 Rf5 39.Qb6 g6 40.Rc1 Qd2
41.Ra1 a5 42.Kg2 Qc3 43.Ra2 Qf3+ 44.Kh2 Re5 45.Qb1 Re2 0-1

[Event "zonal 1.5"]
[Site "Yerevan ARM"]
[Date "2000.06.09"]
[Round "3"]
[White "Minasian, Artashes"]
[Black "Kotronias, Vasilios"]
[Result "1/2-1/2"]
[WhiteElo "2598"]
[BlackElo "2539"]
[EventDate "2000.06.07"]
[PlyCount "27"]

1.e4 c5 2.Nf3 Nc6 3.Bb5 g6 4.Bxc6 dxc6 5.d3 Bg7 6.Nc3 c4 7.d4 Bg4 8.Be3 
Bxf3 9.gxf3 Nf6 10.Qe2 b5 11.e5 Nd5 12.Ne4 f6 13.f4 Bh6 14.exf6 1/2-1/2

[Event "zonal 1.5"]
[Site "Yerevan ARM"]
[Date "2000.06.09"]
[Round "3"]
[White "Kacheishvili, Giorgi"]
[Black "Ilincic, Zlatko"]
[Result "1-0"]
[WhiteElo "2564"]
[BlackElo "2554"]
[EventDate "2000.06.07"]
[PlyCount "63"]

1.d4 Nf6 2.c4 g6 3.g3 Bg7 4.Bg2 O-O 5.Nf3 d6 6.O-O Nbd7 7.Nc3 e5 8.h3 a6 
9.e4 c6 10.Qc2 Re8 11.Be3 Qe7 12.Rfe1 Qf8 13.Rad1 Bh6 14.Bxh6 Qxh6 15.dxe5
dxe5 16.Rd6 Re7 17.Red1 Ne8 18.R6d2 Nf8 19.Rd8 Ne6 20.Na4 Nxd8 21.Rxd8 Qf8
22.Nb6 Rb8 23.Nxc8 Kh8 24.Qc3 f6 25.h4 Kg7 26.Bh3 h5 27.Qb4 Qf7 28.Qb6 Nc7
29.Kg2 a5 30.a4 Qxc4 31.Nxe7 Na8 32.Qxa5 1-0

[Event "zonal 1.5"]
[Site "Yerevan ARM"]
[Date "2000.06.09"]
[Round "3"]
[White "Nalbandian, Tigran"]
[Black "Sturua, Zurab"]
[Result "1/2-1/2"]
[WhiteElo "2448"]
[BlackElo "2595"]
[EventDate "2000.06.07"]
[PlyCount "50"]

1.Nf3 Nf6 2.g3 b6 3.Bg2 Bb7 4.O-O e6 5.d3 d5 6.Nbd2 Nbd7 7.e4 dxe4 8.Ng5 
Be7 9.Ngxe4 Qc8 10.a4 a6 11.b3 O-O 12.Bb2 c5 13.Qe2 Qc7 14.Rfe1 Rad8 15.
Nxf6+ Bxf6 16.Bxf6 Nxf6 17.Qe5 Qc8 18.Ne4 Bxe4 19.Bxe4 a5 20.Re2 Rd7 21.
Rae1 Rfd8 22.Bg2 Qc7 23.Qxc7 Rxc7 24.f4 g6 25.Bf3 Kg7 1/2-1/2

[Event "zonal 1.5"]
[Site "Yerevan ARM"]
[Date "2000.06.09"]
[Round "3"]
[White "Bagaturov, Giorgi"]
[Black "Ivanisevic, Ivan"]
[Result "1-0"]
[WhiteElo "2501"]
[BlackElo "2460"]
[EventDate "2000.06.07"]
[PlyCount "111"]

1.d4 d6 2.Nf3 Nf6 3.g3 g6 4.Bg2 Bg7 5.O-O O-O 6.c4 c6 7.Nc3 Qa5 8.e4 Bg4 
9.h3 Bxf3 10.Bxf3 Nfd7 11.Be3 a6 12.a3 c5 13.Be2 cxd4 14.Bxd4 Bxd4 15.Qxd4
Nc6 16.Qd2 Rfc8 17.Rac1 Qd8 18.Nd5 a5 19.Kg2 a4 20.f4 Ra5 21.Bg4 e6 22.Nc3
Nb6 23.Be2 Na7 24.Nd1 Rac5 25.Ne3 Nc6 26.Rfd1 Na5 27.Qxd6 Qxd6 28.Rxd6 
Nbxc4 29.Nxc4 Nxc4 30.Bxc4 Rxc4 31.Rxc4 Rxc4 32.Kf3 b5 33.Rb6 Rc5 34.Rb8+ 
Kg7 35.g4 h6 36.h4 Kf6 37.g5+ hxg5 38.hxg5+ Kg7 39.Ke3 f5 40.Rb7+ Kf8 41.
Kd4 Rc4+ 42.Ke5 fxe4 43.Kf6 Ke8 44.Re7+ Kd8 45.Rxe6 Kd7 46.Re5 e3 47.Rxe3 
Rxf4+ 48.Kxg6 Rf2 49.b3 Kc6 50.bxa4 bxa4 51.Rg3 Rb2 52.Rg4 Kb5 53.Kf7 Rf2+
54.Ke7 Re2+ 55.Kd7 Rd2+ 56.Kc7 1-0